=LDR 00000nam 2200000 4500 =001 INLIS000000000035822 =005 20130612141641 =008 ***********************************Ind** =035 ##$$0010-061300000035822 =041 ##$$a Ind =082 ##$$a 398.309 598 3 =090 ##$$a 398.309 598 3, Hak k =100 ##$$a Hakim.Lukman =245 ##$$a Kisah Raden Ustama, Lukman Hakim =260 ##$$a 1995 $b Jakarta =300 ##$$a v,57 hlm., ilus., 21 cm =650 ##$$a Cerita Rakyat =850 ##$$a NBPNMAT